000
00256nam a2200121Ia 4500
005
20250603145250.0
008
250603s9999 xx 000 0 und d
050
_a
KP 35 .Y6/
245
0
_a
Laws of Yobe
260
_c
2014
300
_a
1052 p
942
_c
BK
999
_c
41353
_d
41353